Normal view MARC view
  • Tank warfare

Entry Topical Term

Number of records used in: 2

001 - CONTROL NUMBER

  • control field: 49525

003 - CONTROL NUMBER IDENTIFIER

  • control field: NUST

005 - DATE AND TIME OF LATEST TRANSACTION

  • control field: 20210314134346.0

008 - FIXED-LENGTH DATA ELEMENTS

  • fixed length control field: 210314|| aca||aabn | a|a d

040 ## - CATALOGING SOURCE

  • Original cataloging agency: NUST
  • Transcribing agency: NUST

150 ## - HEADING--TOPICAL TERM

  • Topical term or geographic name entry element: Tank warfare

670 ## - SOURCE DATA FOUND

  • Source citation: Work cat.: (NUST): Fuller, J. F. C. 37121, Memoirs of an unconventional soldier,, 1936.
© 2023 Central Library, National University of Sciences and Technology. All Rights Reserved.